Religion and families : (Record no. 554320)
[ view plain ]
| 000 -LEADER | |
|---|---|
| fixed length control field | 00726cam a2200205 i 4500 |
| 020 ## - INTERNATIONAL STANDARD BOOK NUMBER | |
| International Standard Book Number | 9781848725454 (hardback : alk. paper) |
| 020 ## - INTERNATIONAL STANDARD BOOK NUMBER | |
| International Standard Book Number | 9781848725461 (pbk. : alk. paper) |
| 082 00 - DEWEY DECIMAL CLASSIFICATION NUMBER | |
| Classification number | 201.7 |
| Author Mark | MAR |
| 100 1# - MAIN ENTRY--PERSONAL NAME | |
| Personal name | Marks, Loren Dean, |
| 9 (RLIN) | 51767 |
| 245 10 - TITLE STATEMENT | |
| Title | Religion and families : |
| Remainder of title | an introduction / |
| Statement of responsibility, etc. | Loren D. Marks, David C. Dollahite. |
| 300 ## - PHYSICAL DESCRIPTION | |
| Extent | xxii, 275 pages : |
| Other physical details | illustrations ; |
| Dimensions | 24 cm |
| 490 0# - SERIES STATEMENT | |
| Series statement | Texbooks in family studies |
| 526 ## - STUDY PROGRAM INFORMATION NOTE | |
| Program name | 0 |
| Interest level | 0 |
| Reading level | 0 |
| Title point value | 201_700000000000000_MAR |
| 650 #0 - SUBJECT ADDED ENTRY--TOPICAL TERM | |
| Topical term or geographic name entry element | Families |
| General subdivision | Religious life. |
| 9 (RLIN) | 51768 |
| 650 #0 - SUBJECT ADDED ENTRY--TOPICAL TERM | |
| Topical term or geographic name entry element | Marriage |
| General subdivision | Religious aspects. |
| 9 (RLIN) | 51769 |
| 650 #0 - SUBJECT ADDED ENTRY--TOPICAL TERM | |
| Topical term or geographic name entry element | Parenting |
| General subdivision | Religious life. |
| 9 (RLIN) | 51770 |
| 650 #0 - SUBJECT ADDED ENTRY--TOPICAL TERM | |
| Topical term or geographic name entry element | Religion. |
| 9 (RLIN) | 5800 |
| 700 1# - ADDED ENTRY--PERSONAL NAME | |
| Personal name | Dollahite, David C. |
| 9 (RLIN) | 51771 |
| 942 ## - ADDED ENTRY ELEMENTS (KOHA) | |
| Source of classification or shelving scheme | |
| Koha item type | Book |
| Withdrawn status | Lost status | Source of classification or shelving scheme | Damaged status | Not for loan | Permanent Location | Current Location | Date acquired | Total Checkouts | Full call number | Barcode | Date last seen | Price effective from | Koha item type |
|---|---|---|---|---|---|---|---|---|---|---|---|---|---|
| Military College of Engineering (MCE) | Military College of Engineering (MCE) | 12/16/2019 | 201.7 MAR | MCE-51388 | 12/16/2019 | 12/16/2019 | Book |
